| 000 | 01674cad a22002415a 4500 | ||
|---|---|---|---|
| 001 | L146115 | ||
| 008 | 081211s2008 xxkad f f000 0 eng d | ||
| 035 | _a(Sirsi) u146115 | ||
| 041 | 0 | _aeng | |
| 050 | 0 | 4 | _a690.241 $2 18 |
| 110 | 2 |
_aUnited Kingdom _bDepartment for Culture, Media and Sport |
|
| 245 | 0 | 0 |
_aWorld Heritage for the nation - identifying, protecting and promoting our world heritage _ba consultation paper _h[electronic resource] |
| 260 |
_aLondon _bDCMS _c2008 |
||
| 505 | 2 | _aWorld Heritage policy review -- World Heritage Sites, current position -- WHC position on future nominations -- Costs and benefits of World Heritage Site status -- Future nominations for World Heritage Site status -- Alternative designations -- Future protection, management and promotion of World Heritage Sites -- Equalities impact assessment -- Next steps and how to respond | |
| 520 | _aConsultation on World Heritage Sites in the UK seeks to assess to what extent our treatment of these sites supports government interests. Seeks to examine the costs, responsibilities and benefits of World Heritage Site status. Also aims to help create a new policy for clarifying or strengthening the legal protections for these sites and for the creation of future sites with this status. | ||
| 520 | _aAll responses must be received by 25 February 2009. | ||
| 521 | _aAdvanced | ||
| 590 | _aKA | ||
| 651 | 4 |
_aUnited Kingdom _y |
|
| 690 | _aBUILT ENVIRONMENT-BUILDING MAINTENANCE AND REFURBISHMENT-BUILDING CONSERVATION | ||
| 856 | 4 | 0 |
_uhttps://www.culture.gov.uk/reference_library/consultations/5629.aspx _zView the item free of charge online at www.culture.gov.uk... |
| 942 | _n0 | ||
| 999 |
_c109054 _d109054 |
||